| 000 | 01281cam a2200313 a 4500 | ||
|---|---|---|---|
| 001 | 16434944 | ||
| 005 | 20201128021129.0 | ||
| 008 | 100826t2010 xxudk frb 001 0 eng d | ||
| 010 | _a2010034780 | ||
| 020 | _a9781605093079 (hardback : alk. paper) | ||
| 020 | _a1605093076 (hardback : alk. paper) | ||
| 040 |
_aDLC _cDLC _dYDX _dUKM _dBTCTA _dYDXCP _dZPX _dCDX _dDLC _dEG-ScBUE |
||
| 082 | 0 | 0 |
_a338.04 _222 _bRAB |
| 100 | 1 |
_aRabb, Chris _936565 |
|
| 245 | 1 | 0 |
_aInvisible capital : _bhow unseen forces shape entrepreneurial opportunity / _cChris Rabb. |
| 250 | _a1st ed. | ||
| 260 |
_aSan Francisco, United States : _bBerrett-Koehler Publishers, _cc.2010. |
||
| 300 |
_axv, 173 p. : _bcharts, forms ; _c22 cm. |
||
| 500 | _a"Published in association with Demos." | ||
| 500 | _aIndex : p. 167-171. | ||
| 504 | _aBibliography : p. 166. | ||
| 505 | 0 | _aDreaming a difficult dream-The landscape of modern American enterprise-Invisible capital exposed-Democratizing entrepreneurial opportunity-Reframing entrepreneurial success-and failure-Toward commonwealth enterprise. | |
| 650 | 0 |
_aEntrepreneurship _9240 |
|
| 650 | 0 |
_aSuccess in business _91390 |
|
| 650 | 0 |
_aOpportunity _936566 |
|
| 653 |
_bBUSADM _cNovember2014 |
||
| 655 |
_vreading book _934232 |
||
| 942 |
_2ddc _k338.04 RAB |
||
| 999 |
_c18636 _d18608 |
||